000
00221nam a22000857a 4500
008
170603b xxu||||| |||| 00| 0 eng d
100
_9
3224
_a
Swift. J
245
_a
Gulivers Travels
260
_a
New Delhi
_b
Vikas Publication
_c
2003
999
_c
6538
_d
6538